Gminy w powiecie bielskim - Statystyki

Ogólne statystyki
  • Ten quiz został rozwiązany 84 razy
  • Średni wynik to 8 z 10
Statystyki odpowiedzi
Hint Odpowiedź % Poprawnych
miejsko-wiejska Czechowice-Dziedzice
90%
wiejska Jasienica
84%
wiejska Jaworze
84%
wiejska Kozy
78%
miejska Szczyrk
78%
miejsko-wiejska Wilamowice
76%
wiejska Bestwina
73%
wiejska Wilkowice
71%
wiejska Porąbka
59%
wiejska Buczkowice
57%
Nie znaleziono quizów pasujących do podanych kryteriów
Rozkład punktacji
Procent ludzi z każdym wynikiem
Percentyl według liczby udzielonych odpowiedzi
Twoja historia wyników
Nie rozwiązałeś tego quizu